书目信息 |
| 题名: |
国家电网公司会计核算办法
|
|
| 作者: | ;国家电网公司 编 | |
| 分册: | ||
| 出版信息: | 北京 中国电力出版社 2010.03 |
|
| 页数: | 483页 | |
| 开本: | 26cm | |
| 丛书名: | ||
| 单 册: | ||
| 中图分类: | F426.61 | |
| 科图分类: | ||
| 主题词: | 电力工业--工业会计--中国 , 电力工业 , 工业会计 | |
| 电子资源: | ||
| ISBN: | 978-7-5123-0028-6 | |
| 000 | 00871nam0 22002411 450 | |
| 001 | 004610598 | |
| 005 | 20110113175711.0 | |
| 010 | @a978-7-5123-0028-6@dCNY75.00 | |
| 100 | @a20100624d2010 em y0chiy50 ea | |
| 101 | 0 | @achi |
| 102 | @aCN@b110000 | |
| 105 | @ay z 000yy | |
| 200 | 1 | @a国家电网公司会计核算办法@9guo jia dian wang gong si kuai ji he suan ban fa@e2009@f国家电网公司财务资产部[编] |
| 210 | @a北京@c中国电力出版社@d2010.03 | |
| 215 | @a483页@d26cm | |
| 330 | @a本书从计量基础、会计要素、会计信息质量、核算方法、会计政策选择、会计科目、会计报表、信息披露等方面全面、系统地规范了公司会计确认、计量、披露等一系列工作。 | |
| 606 | 0 | @a电力工业@x工业会计@y中国 |
| 606 | 0 | @a电力工业 |
| 606 | 0 | @a工业会计 |
| 690 | @aF426.61@v5 | |
| 711 | 02 | @a国家电网公司@9guo jia dian wang gong si@b财务部@4编 |
| 905 | @aBZT@dF426.61@e14 | |
| 906 | @dCNY75.00@n0@r1 | |
| 国家电网公司会计核算办法:2009/国家电网公司财务资产部[编].-北京:中国电力出版社,2010.03 |
| 483页;26cm |
| ISBN 978-7-5123-0028-6:CNY75.00 |
| 本书从计量基础、会计要素、会计信息质量、核算方法、会计政策选择、会计科目、会计报表、信息披露等方面全面、系统地规范了公司会计确认、计量、披露等一系列工作。 |
| ● |
| 相关链接 |
|
|
|
正题名:国家电网公司会计核算办法
索取号:F426.61/14
 
预约/预借
| 序号 | 登录号 | 条形码 | 馆藏地/架位号 | 状态 | 备注 |
| 1 | 755189 | 2000755189 | 样本书库/样006架B面3层2列/ [索取号:F426.61/14] | 在馆 | |
| 2 | 755190 | 2000755190 | 中心书库北库/ 北库017架A面5列2层16/ [索取号:F426.61/14] | 在馆 | |
| 3 | 755191 | 2000755191 | 中心书库北库/ 北库017架A面5列2层17/ [索取号:F426.61/14] | 在馆 | |
| 4 | 755192 | 2000755192 | 中心书库北库/ 北库017架A面5列2层14/ [索取号:F426.61/14] | 在馆 | |
| 5 | 755193 | 2000755193 | 中心书库北库/ 北库017架A面5列2层13/ [索取号:F426.61/14] | 在馆 | |
| 6 | 755194 | 2000755194 | 中心书库北库/ 北库017架A面5列2层15/ [索取号:F426.61/14] | 在馆 |